Formy konkurencie na trhu a spôsoby jej regulácie so zameraním na reguláciu poštových služieb
Hospodárska súťaž v podmienkach SR. Inštitúcie slúžiace na reguláciu hospodárskej súťaže. Činnosť regulačných úradov na Slovensku. Autorka sa zamerala na fungovanie Úradu pre reguláciu elektronických komunikácií a poštových služieb, nakoľko trh poštových služieb prešiel od vstupu Slovenska do Európs...
Salvato in:
| Autore principale: | |
|---|---|
| Natura: | Capitolo di libro |
| Lingua: | slovacco |
| Soggetti: | |
| Tags: |
Nessun Tag, puoi essere il primo ad aggiungerne!!
|
MARC
| LEADER | 00000nla a2200000 4500 | ||
|---|---|---|---|
| 001 | 0199613 | ||
| 005 | 20240522123734.6 | ||
| 041 | 0 | |a slo | |
| 044 | |a SK | ||
| 245 | 1 | 0 | |a Formy konkurencie na trhu a spôsoby jej regulácie so zameraním na reguláciu poštových služieb |c Lucia Jantošová |
| 520 | |a Hospodárska súťaž v podmienkach SR. Inštitúcie slúžiace na reguláciu hospodárskej súťaže. Činnosť regulačných úradov na Slovensku. Autorka sa zamerala na fungovanie Úradu pre reguláciu elektronických komunikácií a poštových služieb, nakoľko trh poštových služieb prešiel od vstupu Slovenska do Európskej únie výraznými zmenami, ktoré ovplyvnili aj vznik dvoch nových spoločných regulačných úradov. | ||
| 610 | 2 | 0 | |a súťaž hospodárska |
| 610 | 2 | 0 | |a regulácia |
| 610 | 2 | 0 | |a služby poštové |
| 100 | 1 | |a Jantošová, Lucia | |